000 00896cam a2200277 i 4500
001 1578792
003 EG-ScBUE
005 20260421110629.0
008 930415t1993 nyua f bf 001 0 eng d
020 _a0824790502 (alk. paper)
040 _aDNLM/DLC
_beng
_erda
_cDLC
_dDLC
_dEG-ScBUE
082 0 4 _a572.57
_222
_bPHO
245 0 0 _aPhospholipids Handbook /
_cedited by Gregor Cevc.
264 1 _aNew York :
_bMarcel Dekker, Inc.,
_c[1993]
264 4 _cc1993
300 _axi, 988 pages :
_billustrations ;
_c27 cm
336 _2rdacontent
_atext
_btxt
337 _aunmediated
_2rdamedia
_bn
338 _avolume
_bnc
_2rdacarrier
504 _aIncludes bibliographical references and index.
650 7 _aPhospholipids
_xHandbooks, manuals, etc.
_97151
_2BUEsh
650 7 _aPhospholipids.
_97152
_2BUEsh
655 _vReading book
700 1 _aCevc, Gregor,
_eeditor.
_97153
942 _2ddc
_cBB
999 _c12090
_d12090